Loading...
| Philosophy | 0 | 5 | 0 | 0 | 50 | 19 | 46.60 | 4 | 5 |
| History - European History | 0 | 3 | 0 | 0 | 30 | 40 | 49.33 | 0 | 3 |
| Literature - World Literature | 0 | 3 | 1 | 1 | 25 | 87 | 101.00 | 0 | 1 |
| Mythology | 0 | 2 | 0 | 0 | 20 | 75 | 99.50 | 0 | 0 |
| Literature - European Literature | 0 | 2 | 0 | 0 | 20 | 67 | 91.50 | 1 | 2 |
| History - World History | 0 | 2 | 1 | 0 | 15 | 35 | 62.50 | 0 | 1 |
| Social Science | 0 | 1 | 0 | 0 | 10 | 29 | 29.00 | 1 | 1 |
| Fine Arts - Other Fine Arts | 0 | 1 | 0 | 1 | 10 | 98 | 98.00 | 0 | 0 |
| History - Other History | 0 | 2 | 2 | 0 | 10 | 49 | 57.50 | 1 | 1 |
| Religion | 0 | 1 | 0 | 0 | 10 | 79 | 79.00 | 0 | 1 |
| Science - Biology | 0 | 1 | 0 | 0 | 10 | 57 | 57.00 | 0 | 1 |
| Science - Chemistry | 0 | 1 | 0 | 0 | 10 | 35 | 35.00 | 0 | 1 |
| Science - Other Science | 0 | 1 | 0 | 0 | 10 | 54 | 54.00 | 0 | 1 |
| Painting/Sculpture | 0 | 1 | 0 | 0 | 10 | 76 | 76.00 | 0 | 1 |
| Literature - British Literature | 0 | 0 | 1 | 0 | -5 | 0.00 | 0 | 0 | |
| Literature - American Literature | 0 | 0 | 1 | 0 | -5 | 0.00 | 0 | 0 | |
| Fine Arts - Classical Music | 0 | 0 | 1 | 0 | -5 | 0.00 | 0 | 0 | |
| History - American History | 0 | 0 | 2 | 0 | -10 | 0.00 | 0 | 0 |